Tichý spoločník a daň z príjmov

Zmluva o tichom spoločenstve ­ 8 pís. b) zákona č. 286/1992 Zb. v znení neskorších predpisov o daniach z príjmov. Obsah zmluvy a určenie podielu tichého spoločníka. Praktické príklady pre výpočet podielu tichého spoločníka.

Saved in:
Bibliographic Details
Main Author: Jánoš, Daniel
Format: Book
Language:Slovak
Subjects:
Tags: Add Tag
No Tags, Be the first to tag this record!

MARC

LEADER 00000nam a2200000 4500
001 r031682
005 20230911131302.7
041 0 |a slo 
044 |a SK 
245 1 0 |a Tichý spoločník a daň z príjmov  |c Daniel Jánoš 
520 |a Zmluva o tichom spoločenstve ­ 8 pís. b) zákona č. 286/1992 Zb. v znení neskorších predpisov o daniach z príjmov. Obsah zmluvy a určenie podielu tichého spoločníka. Praktické príklady pre výpočet podielu tichého spoločníka. 
610 2 0 |a dane z príjmov 
610 2 0 |a spoločenstvo tiché 
610 2 0 |a zmluvy 
610 2 0 |a zákony 
610 2 0 |a osoby fyzické 
610 2 0 |a osoby právnické 
610 2 0 |a podnikatelia 
610 2 0 |a zisk 
610 2 0 |a podiely na zisku 
610 2 0 |a Slovensko 
100 1 |a Jánoš, Daniel